| 000 | 004570000a22001690004500 | ||
|---|---|---|---|
| 003 | MACL | ||
| 005 | 20151229153004.0 | ||
| 008 | 151229b xxu||||| |||| 00| 0 eng d | ||
| 040 |
_aMACL _cMACL |
||
| 041 | _aEnglish | ||
| 082 | _a292/RHY | ||
| 100 |
_aHutchison, W M L _924078 |
||
| 245 |
_aThe Muses Pageant _bMyths and Legends of Ancient Greece vol 2 |
||
| 260 |
_bJ M Dent & Sons LTD _aNew York |
||
| 650 |
_aReligion _924079 |
||
| 942 |
_cBK _k292/RHY _2ddc |
||
| 999 |
_c37489 _d37489 |
||